Statistics for Unusual NBA Names Quiz

Click here to take the quiz!

General Stats

  • This quiz has been taken 115,586 times
    (97,405 since last reset)
  • The average score is 16 of 24

Answer Stats

NBA Name % Correct
LeBron {James}
100%
Kobe {Bryant}
99%
Shaquille {O'Neal}
98%
Dwyane {Wade}
94%
Rajon {Rondo}
93%
Carmelo {Anthony}
93%
Dikembe {Mutombo}
86%
Metta {World} {Peace}
82%
Manute {Bol}
81%
Spud {Webb}
79%
Luol {Deng}
76%
Amar'e {Stoudemire}
76%
Muggsy {Bogues}
69%
Udonis {Haslem}
69%
Tayshaun {Prince}
69%
World B. {Free}
57%
Hasheem {Thabeet}
47%
Hedo {Turkoglu}
40%
Arvydas {Sabonis}
36%
Tree {Rollins}
31%
Smush {Parker}
31%
Bonzi {Wells}
29%
Popeye {Jones}
21%
God {Shammgod}
21%

Score Distribution

Percentile by Number Answered

Percent of People with Each Score

Your Score History

You have not taken this quiz since the last reset